| 000 | 00504nam a2200157Ia 4500 | ||
|---|---|---|---|
| 008 | 170221s9999 xx 000 0 und d | ||
| 100 | _aJudith McIntosh White | ||
| 245 | _aTranslating Science, Health and Technology: Reporters as Knowledge Transfer Intermediaries | ||
| 245 | _cJudith McIntosh White | ||
| 260 | _bOnline Journal of Communication and Media Technologies | ||
| 260 | _c2013 | ||
| 300 | _a3 : 2 | ||
| 650 | _xCommunication | ||
| 650 | _xMedia Arts | ||
| 856 | _uhttp://www.ojcmt.net/ | ||
| 999 |
_c307285 _d307285 |
||